| 000 | 00833nam a22002177a 4500 | ||
|---|---|---|---|
| 999 |
_c19323 _d19323 |
||
| 003 | AR-CdUCM | ||
| 008 | 190517b ||||| |||| 00| 0 spa d | ||
| 040 |
_aMUNICIPALIDAD PROVINCIAL DEL CUSCO _cBIBLIOTECA MUNICIPAL DEL CUSCO |
||
| 082 |
_a325.985 / _bV14 |
||
| 100 |
_aValdivia Ponce, Oscar _9383 |
||
| 245 |
_aMigración interna a la metrópoli : _bContraste cultural, conflicto y desadaptación / |
||
| 260 |
_aLima : _c1970. |
||
| 300 |
_a467 paginas ; _c22 cm. |
||
| 505 | _aContenido :Problema, objetivo y método --Ambiente social --Migración,adaptación, salud y nivel económico ... | ||
| 650 |
_aMigración interna _98057 |
||
| 650 |
_aMigración (Aborígenes) _940600 |
||
| 650 |
_aPerú _935 |
||
| 710 |
_aUniversidad Nacional Mayor de San Marcos (Lima) _99962 |
||
| 942 |
_2ddc _cLIBROS |
||
| 945 |
_arjall _d2019-05-17 |
||